| 000 | 00884nam a2200229 4500 | ||
|---|---|---|---|
| 005 | 20251007135822.0 | ||
| 020 |
_a9780273724087 _cTZS 85,0851 / = |
||
| 040 |
_aMCCL _beng. _eAACR 2nd rev.ed. |
||
| 082 | _a658.4 MUL | ||
| 100 | _aMullins, Laurie J. | ||
| 245 |
_aManagement organizational behaviour _c/ Laurie J. Mullins and Gill Christy |
||
| 250 | _a9th ed. | ||
| 260 |
_aLondon : _bPearson, _cc2010. |
||
| 300 |
_axxxii, 860 p. : _b ill. ; _c26 cm. |
||
| 504 | _aIncludes index | ||
| 520 | _aPresenting a managerial approach to the study of organizational behavior, with an emphasis on improving working performance through a better understanding of human resources, this book contains summaries, review questions and assignments | ||
| 546 | _aeng. | ||
| 650 | _a Business and Management | ||
| 650 | _aOrganizational behavior | ||
| 700 | _aChristy, Gill | ||
| 942 | _cBK | ||
| 999 |
_c12240 _d12240 |
||